MARC

LEADER 00000nam0a2200000 4500
001 363427
005 20231102011605.0
035 |a (RuTPU)RU\TPU\retro\20774 
090 |a 363427 
100 |a 20210930d1964 km y0gery50 ba 
101 0 |a ger 
102 |a DE 
105 |a a z 001zy 
200 1 |a Theorie und Anwendung Linearer Netzwerke  |h Tell 11  |i Wellenparametertheorie und Nichtstationäre Vorgänge  |f G. Wunsch 
210 |a Leipzig  |c Akademische verlagtsellschaft Geest & Portig K.-G.  |d 1964 
215 |a 266 s.  |c il. 
225 1 |a Bûcherei der Hochfrequenztechnik 
320 |a Literatur: s. 263 
320 |a Sachregister: s. 264-266 
606 1 |a Электрические цепи, линейные  |x Теория  |2 stltpush  |3 (RuTPU)RU\TPU\subj\27771  |9 51470 
610 1 |a волновые процессы 
610 1 |a нестационарные процессы 
610 1 |a преобразование Лапласа 
610 1 |a переходные процессы 
610 1 |a сети 
610 1 |a аппроксимация 
610 1 |a колебания 
610 1 |a демпфирование 
610 1 |a фазы 
610 1 |a график Боде 
610 1 |a немецкий язык 
675 |a 621.3.011.71  |v 4 
700 1 |a Wunsch  |b G.  |g Gerhard 
801 1 |a RU  |b 63413507  |c 20210930 
942 |c BK